Statistics for Countries with most Tourists to Malaysia

Click here to take the quiz!

General Stats

  • This quiz has been taken 65 times
    (64 since last reset)
  • The average score is 13 of 15

Answer Stats

VisitorsCountry% Correct
413,768Japan
95%
2,124,942China
95%
217,075United States
95%
3,049,964Indonesia
93%
400,269United Kingdom
93%
638,578India
91%
377,727Australia
91%
134,257France
91%
13,272,961Singapore
90%
1,780,800Thailand
88%
444,439South Korea
88%
216,877Vietnam
88%
300,861Taiwan
79%
1,391,016Brunei
76%
417,446Philippines
76%

Score Distribution

Percentile by Number Answered

Percent of People with Each Score

Your Score History

You have not taken this quiz since the last reset